[Event "TCh-CHN 2018"]
[Site "China CHN"]
[Date "2018.04.11"]
[Round "1.5"]
[Board "3"]
[White "Li, Yankai"]
[Black "Liu, Guanchu"]
[Result "1/2-1/2"]
[BlackTitle "IM"]
[WhiteElo "2427"]
[BlackElo "2432"]
[WhiteTeam "Tianjin Team"]
[BlackTeam "Chengdu Beilei Youth Chess Club"]
[WhiteFideId "8609357"]
[BlackFideId "8603901"]
[EventDate "2018.04.11"]

1. d4 Nf6 2. c4 e6 3. Nf3 b6 4. g3 Bb7 5. Bg2 Be7 6. O-O O-O 7. Nc3 Ne4 8. Bd2
Bf6 9. Ne5 Nxc3 10. Bxc3 Bxg2 11. Kxg2 c5 12. dxc5 bxc5 13. Qd6 Qb6 14. Rfd1 Rd8
15. h4 Nc6 16. Nxc6 dxc6 17. Qf4 Bxc3 18. bxc3 Qa5 19. Rxd8+ Rxd8 20. Rb1 h6 21.
Rb7 Rf8 22. Qe5 Qxa2 23. Qxc5 Qxe2 24. Qxc6 a5 25. c5 Qc4 26. Qb6 Qe4+ 27. Kh2
Rc8 28. Rb8 Rxb8 29. Qxb8+ Kh7 30. Qb6 a4 31. c6 a3 32. c7 a2 33. Qa5 Qb1 34.
c8=Q a1=Q 35. Qxa1 Qxa1 36. Qc5 Qf1 37. c4 Qe2 1/2-1/2

[Event "TCh-CHN 2018"]
[Site "China CHN"]
[Date "2018.04.11"]
[Round "1.5"]
[Board "4"]
[White "Saduakassova, Dinara"]
[Black "Chu, Ruotong"]
[Result "1-0"]
[WhiteTitle "IM"]
[BlackTitle "WIM"]
[WhiteElo "2474"]
[BlackElo "2261"]
[WhiteTeam "Chengdu Beilei Youth Chess Club"]
[BlackTeam "Tianjin Team"]
[WhiteFideId "13700090"]
[BlackFideId "8605653"]
[EventDate "2018.04.11"]

1. Nf3 d5 2. d4 Nf6 3. c4 dxc4 4. e3 a6 5. Bxc4 e6 6. O-O c5 7. Nc3 b5 8. Be2
Bb7 9. dxc5 Qxd1 10. Rxd1 Bxc5 11. Nd2 Nbd7 12. Nb3 Bb4 13. Bd2 O-O 14. a3 Nc5
15. Nc1 Bxc3 16. Bxc3 Nfe4 17. Bb4 Rfc8 18. f3 Nf6 19. Rd2 Nd5 20. Bxc5 Rxc5 21.
Nb3 Rc7 22. Rad1 f5 23. Kf2 Rac8 24. Na5 Ba8 25. Bd3 Nb6 26. Bb1 Kf7 27. Rd6 Rb8
28. Ba2 Bd5 29. Bxd5 Nxd5 30. Rd2 Rbc8 31. Ke2 f4 32. exf4 Nxf4+ 33. Kf2 Rc2 34.
g3 Rxd2+ 35. Rxd2 Nd5 36. Nb3 Nb6 37. f4 Nc4 38. Rc2 Rd8 39. Nc5 Rd6 40. Ne4 Rb6
41. a4 h6 42. axb5 axb5 43. b3 Nd6 44. Rc7+ Kg6 45. Nc5 Nf5 46. g4 Nd4 47. Rd7
Rc6 48. b4 Nc2 49. Nxe6 Nxb4 50. Nxg7 Nc2 51. Ne8 h5 52. Rg7+ 1-0

[Event "TCh-CHN 2018"]
[Site "China CHN"]
[Date "2018.04.11"]
[Round "1.5"]
[Board "5"]
[White "Ren, Xiaoyi"]
[Black "Xiao, Yiyi"]
[Result "1-0"]
[BlackTitle "WFM"]
[WhiteElo "2256"]
[BlackElo "2295"]
[WhiteTeam "Chengdu Beilei Youth Chess Club"]
[BlackTeam "Tianjin Team"]
[WhiteFideId "8608709"]
[BlackFideId "8606161"]
[EventDate "2018.04.11"]

1. d4 Nf6 2. c4 e6 3. Bf4 b6 4. Nd2 Bb7 5. Ngf3 Be7 6. Qc2 c5 7. e3 Nc6 8. a3
O-O 9. Bd3 cxd4 10. exd4 d5 11. c5 a5 12. O-O h6 13. Bb5 bxc5 14. dxc5 d4 15.
Qc4 Qc8 16. b4 Rd8 17. Nb3 Nh5 18. Bd2 e5 19. Ba4 axb4 20. axb4 Qf5 21. b5 Na5
22. Nxa5 Bxf3 23. gxf3 Rxa5 24. Bc2 d3 25. Rxa5 dxc2 26. Qg4 Qxg4+ 27. fxg4 Bxc5
28. Be3 Nf4 29. Bxc5 c1=Q 30. Rxc1 Ne2+ 31. Kg2 Nxc1 32. Be3 Nb3 33. Ra7 Rb8 34.
b6 Kf8 35. Rc7 Na5 36. Bc5+ Kg8 37. Kf3 Nb7 38. Be3 Nd6 39. Rc6 Nb7 40. Ke4 f6
41. Rc7 Kh7 42. Kd5 Kg6 43. h4 h5 44. gxh5+ Kxh5 45. Rxg7 Kxh4 46. Ke6 Na5 47.
Kf5 Kh3 48. Rg6 Nc4 49. Rxf6 Kg2 50. Rc6 Na5 51. Rg6+ Kf3 52. Kxe5 Rd8 53. Ke6
Nc4 54. Ke7 Rd3 55. Rg3+ Ke2 56. Rg4 Ne5 57. Re4 Nc6+ 58. Ke6 Kf3 59. Rf4+ Ke2
60. Rc4 Nd8+ 61. Ke7 Nb7 62. Rc7 Na5 63. Rd7 Rc3 64. Kd8 Nc6+ 65. Ke8 Rb3 66.
Rc7 Na5 67. Kd8 Rb1 68. Kc8 Rg1 69. Rd7 Rg8+ 70. Kc7 Rg6 71. b7 Rc6+ 72. Kd8 1-0

[Event "TCh-CHN 2018"]
[Site "China CHN"]
[Date "2018.04.11"]
[Round "1.6"]
[Board "1"]
[White "Ding, Liren"]
[Black "Ma, Qun"]
[Result "1-0"]
[WhiteTitle "GM"]
[BlackTitle "GM"]
[WhiteElo "2816"]
[BlackElo "2620"]
[WhiteTeam "Zhejiang Chess Team"]
[BlackTeam "Hangzhou Bank Team"]
[WhiteFideId "8603677"]
[BlackFideId "8603154"]
[EventDate "2018.04.11"]

1. e4 e5 2. Nf3 Nc6 3. Bb5 Nf6 4. d3 Bc5 5. Bxc6 dxc6 6. Nbd2 Be6 7. Nb3 Bd6 8.
Na5 Rb8 9. O-O O-O 10. b3 Qe7 11. a4 Bb4 12. Nc4 Bxc4 13. bxc4 Nd7 14. Bg5 f6
15. Be3 Bc5 16. Nh4 Bxe3 17. fxe3 g6 18. Qg4 Rbe8 19. Rf3 Qe6 20. Qg3 Kf7 21. a5
b5 22. axb6 axb6 23. Ra7 Qd6 24. Qh3 Ke7 25. Rf1 Ra8 26. Rxa8 Rxa8 27. Nf3 h5
28. Qg3 g5 29. Qf2 Qe6 30. d4 c5 31. d5 Qg8 32. h4 gxh4 33. Nxh4 Ra2 34. Nf5+
Kd8 35. Qd2 Ra3 36. Rf3 h4 37. Rh3 Ra4 38. Rxh4 Rxc4 39. d6 cxd6 40. Nxd6 Ra4
41. Rh8 1-0

[Event "TCh-CHN 2018"]
[Site "China CHN"]
[Date "2018.04.11"]
[Round "1.6"]
[Board "2"]
[White "Xu, Minghui"]
[Black "Jakovenko, Dmitry"]
[Result "0-1"]
[BlackTitle "GM"]
[WhiteElo "2313"]
[BlackElo "2735"]
[WhiteTeam "Zhejiang Chess Team"]
[BlackTeam "Hangzhou Bank Team"]
[WhiteFideId "8606790"]
[BlackFideId "4122356"]
[EventDate "2018.04.11"]

1. d4 Nf6 2. c4 e6 3. Nf3 b6 4. g3 Ba6 5. Qb3 Nc6 6. Nbd2 d5 7. Qa4 Bb7 8. Bg2
Bd6 9. cxd5 exd5 10. O-O O-O 11. Nb1 h6 12. Nc3 Re8 13. Bf4 Bxf4 14. gxf4 Ne7
15. e3 Ne4 16. Rac1 Nd6 17. Kh1 c5 18. b4 b5 19. Nxb5 Bc6 20. Rxc5 Qb6 21. Qc2
Bxb5 22. Rc1 Ne4 23. Rc7 Rac8 24. a4 Rxc7 25. Qxc7 Bxa4 0-1

[Event "TCh-CHN 2018"]
[Site "China CHN"]
[Date "2018.04.11"]
[Round "1.6"]
[Board "3"]
[White "Lu, Shanglei"]
[Black "Bai, Jinshi"]
[Result "1-0"]
[WhiteTitle "GM"]
[BlackTitle "GM"]
[WhiteElo "2636"]
[BlackElo "2568"]
[WhiteTeam "Zhejiang Chess Team"]
[BlackTeam "Hangzhou Bank Team"]
[WhiteFideId "8603332"]
[BlackFideId "8602280"]
[EventDate "2018.04.11"]

1. e4 e5 2. Nf3 Nf6 3. d4 Nxe4 4. Bd3 d5 5. Nxe5 Nd7 6. Nxd7 Bxd7 7. O-O Bd6 8.
Qh5 Qf6 9. Nc3 Qxd4 10. Be3 Qe5 11. Qxe5+ Bxe5 12. Nxd5 Nf6 13. Rae1 Nxd5 14.
Bd4 f6 15. Bxe5 O-O-O 16. Bg3 g6 17. a3 Rhe8 18. h4 Rxe1 19. Rxe1 Re8 20. Rd1
Ne7 21. f3 Bf5 22. Bc4 Nc6 23. c3 Na5 24. Bb5 Re7 25. b4 a6 26. Bf1 Nc6 27. Bf4
Rd7 28. Re1 Re7 29. Be3 Ne5 30. Bf2 Bd7 31. Kh2 Ba4 32. Kg3 Nc6 33. Be3 Nd8 34.
Kf2 Nf7 35. h5 Nd6 36. hxg6 hxg6 37. Bd3 f5 38. c4 b5 39. cxb5 axb5 40. Rc1 Re6
41. Bf4 Nc4 42. g4 fxg4 43. fxg4 c6 44. Re1 Rxe1 45. Kxe1 Nxa3 46. Kd2 Nc4+ 47.
Kc3 Nb6 48. Kd4 Nd5 49. Bd2 Ne7 50. Kc5 Kd7 51. Bg5 Nd5 52. Bxg6 Nc7 53. Bd2 Bb3
54. g5 Bd5 55. Kd4 Ke7 56. Ke5 Ne6 57. Bd3 Nf8 58. Bxb5 Ng6+ 59. Kd4 Nh4 60. Kc5
Kd7 61. Bd3 Ke6 62. Bf4 Bf3 63. Bd2 Kf7 64. Ba6 Ng6 65. Bb7 Ne5 66. Kd4 Nd7 67.
Ke3 Bd5 68. b5 Ke6 69. Bxc6 Ne5 70. Bxd5+ Kxd5 71. Kf4 1-0

[Event "TCh-CHN 2018"]
[Site "China CHN"]
[Date "2018.04.11"]
[Round "1.6"]
[Board "4"]
[White "Li, Ruofan"]
[Black "Ding, Yixin"]
[Result "0-1"]
[WhiteTitle "IM"]
[BlackTitle "WGM"]
[WhiteElo "2325"]
[BlackElo "2429"]
[WhiteTeam "Hangzhou Bank Team"]
[BlackTeam "Zhejiang Chess Team"]
[WhiteFideId "8600643"]
[BlackFideId "8602972"]
[EventDate "2018.04.11"]

1. d4 Nf6 2. c4 e6 3. Nc3 d5 4. Bg5 Be7 5. Nf3 h6 6. Bh4 O-O 7. e3 Ne4 8. Bxe7
Qxe7 9. Qc2 Nxc3 10. Qxc3 dxc4 11. Bxc4 b6 12. O-O Bb7 13. Be2 Rc8 14. b4 Nd7
15. Rfc1 a5 16. b5 c6 17. bxc6 Rxc6 18. Qb2 Qb4 19. Qxb4 axb4 20. Rxc6 Bxc6 21.
Bc4 Nf6 22. Nd2 Bd5 23. Rb1 Bxc4 24. Nxc4 b5 25. Nd6 Rxa2 26. h3 Nd5 27. e4 Nc3
28. Rxb4 Ra4 29. Rb2 Rxd4 30. Nxb5 Rd1+ 31. Kh2 Nxe4 32. f3 Nf6 33. Nc3 Rd3 34.
Ne2 Nd5 35. h4 g6 36. Ra2 Kg7 37. Kg3 e5 38. Kf2 h5 39. Ra5 Rd1 40. g3 f5 41.
Ra4 Rd2 42. Ra7+ Kf6 43. Ra6+ Kf7 44. Ra7+ Ne7 45. Ke3 Rd6 46. Nc3 Kf6 47. Rb7
Ra6 48. Rb3 Ke6 49. Kd3 Nc6 50. Ne2 Na5 51. Rc3 Rd6+ 52. Ke3 Nc6 53. Rb3 Rd1 54.
Rb6 Kd6 55. Rb7 Ra1 56. Kf2 Ra2 57. Ke3 Ra3+ 58. Kf2 e4 59. fxe4 fxe4 60. Rg7
Ne5 61. Nf4 Ng4+ 62. Ke2 Ra2+ 63. Ke1 Ne5 64. Nxg6 Nd3+ 65. Kf1 e3 66. Re7 Rf2+
67. Kg1 e2 68. Re3 Rf1+ 0-1

[Event "TCh-CHN 2018"]
[Site "China CHN"]
[Date "2018.04.11"]
[Round "1.6"]
[Board "5"]
[White "Gu, Tianlu"]
[Black "Zhu, Jiner"]
[Result "1/2-1/2"]
[WhiteTitle "WIM"]
[BlackTitle "WIM"]
[WhiteElo "2231"]
[BlackElo "2379"]
[WhiteTeam "Hangzhou Bank Team"]
[BlackTeam "Zhejiang Chess Team"]
[WhiteFideId "8603995"]
[BlackFideId "8608059"]
[EventDate "2018.04.11"]

1. e4 c5 2. Nf3 d6 3. d4 cxd4 4. Nxd4 Nf6 5. Nc3 a6 6. g3 e6 7. Bg2 Qc7 8. O-O
Nc6 9. Be3 Bd7 10. Nb3 Ne5 11. a4 Be7 12. h3 Rc8 13. a5 Nc4 14. Bc1 O-O 15. g4
d5 16. exd5 Rfd8 17. dxe6 Bxe6 18. Qf3 Nd5 19. Nd4 Ne5 20. Qg3 Nxc3 21. bxc3 Bc4
22. Bf4 Bd6 23. Rfb1 Rb8 24. Nf5 Nf3+ 25. Qxf3 Bxf4 26. Rxb7 Rxb7 27. Qxb7 Qe5
28. Qe7 Qxe7 29. Nxe7+ Kf8 30. Nc6 Rd6 31. Nd4 Bd2 32. Ra4 Bxc3 33. Rxc4 Bxd4
34. Kf1 g5 35. Be4 h6 36. Ke2 Ke7 37. Rc7+ Rd7 38. Rc6 Rd6 39. Rc7+ Rd7 40.
Rxd7+ Kxd7 41. Kd3 Be5 42. Bb7 Bc7 43. Bxa6 Bxa5 44. c4 Bb6 45. f3 Kd6 46. Ke4
Bc5 47. Bc8 Ba3 48. Ba6 Bb4 49. Bb5 Ba3 50. Ba6 Bb4 51. Bb7 Bc5 52. Ba8 Bf2 53.
Bd5 Ke7 54. Ke5 Bg3+ 55. Kd4 Bf2+ 56. Kc3 Bc5 57. Kd3 Bf2 58. Ke4 Bg1 59. Bc6
Kd6 60. Bb5 Bf2 61. f4 Bg3 62. fxg5 hxg5 63. Kf5 Bh4 64. Kf6 Kc5 65. Kxf7 Kd6
66. Kf6 Kc5 67. Ba6 Kd6 68. Bb7 Kc5 69. Bd5 Kd6 70. Kf5 Kc5 71. Ke4 Bg3 1/2-1/2

[Event "TCh-CHN 2018"]
[Site "China CHN"]
[Date "2018.04.12"]
[Round "2.1"]
[Board "1"]
[White "Xu, Yinglun"]
[Black "Jakovenko, Dmitry"]
[Result "0-1"]
[WhiteTitle "GM"]
[BlackTitle "GM"]
[WhiteElo "2531"]
[BlackElo "2735"]
[WhiteTeam "Guangdong Ding Xin High Tech Team"]
[BlackTeam "Hangzhou Bank Team"]
[WhiteFideId "8604940"]
[BlackFideId "4122356"]
[EventDate "2018.04.11"]

1. d4 Nf6 2. c4 e6 3. Nf3 b6 4. g3 Ba6 5. Qa4 Bb7 6. Bg2 c5 7. dxc5 bxc5 8. O-O
Be7 9. Nc3 O-O 10. Rd1 Qb6 11. Bf4 d6 12. Rab1 Nbd7 13. b4 Rfb8 14. a3 h6 15. h3
a6 16. Qa5 Qxa5 17. bxa5 Ne8 18. Ne5 Nxe5 19. Bxb7 Nxc4 20. Bxa8 Rxa8 21. Rb7
Kf8 22. Na4 Nxa5 23. Nb6 Nxb7 24. Nxa8 Na5 25. Rb1 Bd8 26. Rb8 Ke7 27. Bd2 Nc4
28. Rb7+ Kf6 29. Bc3+ e5 30. f4 g6 31. fxe5+ dxe5 32. Rd7 Be7 33. Ra7 a5 34.
Bxa5 Nxa3 35. Ra6+ Kf5 36. Bd2 c4 37. Bc1 Nb5 38. Rc6 Ned6 39. Kf1 h5 40. Nc7
Nd4 41. Ra6 Ke4 42. Bd2 N6f5 43. Kf2 Bc5 44. Ke1 Nxg3 45. Ra4 Ngxe2 46. Rxc4 Bb6
47. Nb5 Ng1 48. Nxd4 Bxd4 49. Rc7 f6 0-1

[Event "TCh-CHN 2018"]
[Site "China CHN"]
[Date "2018.04.12"]
[Round "2.1"]
[Board "3"]
[White "Zhao, Chenxi"]
[Black "Ma, Qun"]
[Result "1/2-1/2"]
[BlackTitle "GM"]
[WhiteElo "2328"]
[BlackElo "2620"]
[WhiteTeam "Guangdong Ding Xin High Tech Team"]
[BlackTeam "Hangzhou Bank Team"]
[WhiteFideId "8611513"]
[BlackFideId "8603154"]
[EventDate "2018.04.11"]

1. e4 c5 2. b3 d6 3. Bb2 Nf6 4. Bb5+ Nbd7 5. Bxf6 exf6 6. Nc3 a6 7. Bxd7+ Bxd7
8. Nge2 g6 9. O-O Bg7 10. f4 O-O 11. f5 Qe7 12. Nf4 Qe5 13. Nfd5 Bc6 14. Nb6
Rad8 15. Qf3 Qd4+ 16. Qf2 gxf5 17. exf5 Rfe8 18. Ncd5 Bxd5 19. Qxd4 cxd4 20.
Nxd5 Re5 21. c4 dxc3 22. Nxc3 Bh6 23. Rad1 d5 24. d4 Re3 25. Rf3 Rxf3 26. gxf3
Kf8 27. Kf2 Ke7 28. Rd3 b5 29. Ne2 b4 30. f4 Rc8 31. Ke1 Bf8 32. Kd2 a5 33. Rh3
h6 34. Rg3 Ra8 35. Nc1 Kd7 36. Rg8 Re8 1/2-1/2

[Event "TCh-CHN 2018"]
[Site "China CHN"]
[Date "2018.04.12"]
[Round "2.1"]
[Board "4"]
[White "Li, Ruofan"]
[Black "Li, Xueyi"]
[Result "1-0"]
[WhiteTitle "IM"]
[WhiteElo "2325"]
[BlackElo "2187"]
[WhiteTeam "Hangzhou Bank Team"]
[BlackTeam "Guangdong Ding Xin High Tech Team"]
[WhiteFideId "8600643"]
[BlackFideId "8605912"]
[EventDate "2018.04.11"]

1. d4 d5 2. c4 e6 3. Nc3 Nf6 4. Bg5 Be7 5. Nf3 c6 6. e3 h6 7. Bh4 Nbd7 8. Rc1 a6
9. a3 O-O 10. Qc2 Re8 11. h3 b5 12. cxd5 cxd5 13. Bd3 Bb7 14. O-O Rc8 15. Qe2
Ne4 16. Bxe7 Qxe7 17. Nb1 Nb6 18. Nbd2 Nxd2 19. Nxd2 b4 20. Ra1 a5 21. Nb3 Nc4
22. Nc5 e5 23. Qc2 bxa3 24. bxa3 Bc6 25. Qc3 exd4 26. exd4 Qg5 27. Rfd1 Ne5 28.
Bf1 Nd7 29. Qxa5 Nxc5 30. dxc5 Bd7 31. Qc3 Rc7 32. Rd3 g6 33. Qd4 Be6 34. a4 Bf5
35. Rc3 Qd8 36. f3 Qa8 37. a5 Rec8 38. a6 Qa7 39. Rac1 Be6 40. Kh1 h5 41. Bd3
Rc6 42. f4 Rxa6 43. Bxa6 Qxa6 44. c6 Rc7 45. Qe5 Qc8 46. Qd6 Kh7 47. f5 Bxf5 48.
Qxd5 Qa6 49. Qe5 Qb6 50. Rc5 Be6 51. Rb5 Qa6 52. Rb8 Rc8 53. Rxc8 Qxc8 54. Kh2 1-0

[Event "TCh-CHN 2018"]
[Site "China CHN"]
[Date "2018.04.12"]
[Round "2.1"]
[Board "5"]
[White "Gu, Tianlu"]
[Black "Xu, Yuze"]
[Result "1-0"]
[WhiteTitle "WIM"]
[WhiteElo "2231"]
[BlackElo "2083"]
[WhiteTeam "Hangzhou Bank Team"]
[BlackTeam "Guangdong Ding Xin High Tech Team"]
[WhiteFideId "8603995"]
[BlackFideId "8614466"]
[EventDate "2018.04.11"]

1. e4 c5 2. Nf3 Nc6 3. d4 cxd4 4. Nxd4 g6 5. c4 Nf6 6. Nc3 Nxd4 7. Qxd4 d6 8.
Be2 Bg7 9. Be3 O-O 10. Qd2 a5 11. f3 a4 12. Kf2 Be6 13. Rac1 Nd7 14. Rhd1 Qa5
15. Nd5 Bxd5 16. cxd5 Nc5 17. Qxa5 Rxa5 18. Rb1 Rb8 19. Bd2 Ra7 20. Bb5 b6 21.
Ke2 Bf6 22. Rdc1 Kg7 23. Rc4 h5 24. Bb4 g5 25. Kd2 Be5 26. h3 Kf6 27. Kc2 Kg6
28. Bd2 Kf6 29. h4 Bf4 30. hxg5+ Kxg5 31. Rh1 Bxd2 32. Kxd2 Rh8 33. Ke3 e6 34.
dxe6 fxe6 35. Rd4 Rd8 36. f4+ Kg6 37. Rhd1 Ra5 38. Bc6 Kf7 39. Rxd6 Rxd6 40.
Rxd6 Ke7 41. e5 h4 42. Rd1 Ra6 43. Rh1 b5 44. Bxb5 Rb6 45. Bc4 Rb4 46. Kd4 Nd7
47. Kc3 Rb8 48. Rxh4 1-0

[Event "TCh-CHN 2018"]
[Site "China CHN"]
[Date "2018.04.12"]
[Round "2.2"]
[Board "1"]
[White "Liu, Guanchu"]
[Black "Ding, Liren"]
[Result "0-1"]
[WhiteTitle "IM"]
[BlackTitle "GM"]
[WhiteElo "2432"]
[BlackElo "2816"]
[WhiteTeam "Chengdu Beilei Youth Chess Club"]
[BlackTeam "Zhejiang Chess Team"]
[WhiteFideId "8603901"]
[BlackFideId "8603677"]
[EventDate "2018.04.11"]

1. e4 e5 2. Nf3 Nc6 3. Nc3 Nf6 4. d4 exd4 5. Nxd4 Bb4 6. Nxc6 bxc6 7. Bd3 O-O 8.
O-O Re8 9. Qf3 Rb8 10. Bg5 Bd6 11. Rab1 Be5 12. Bf4 d5 13. Bxe5 Rxe5 14. Qg3 Re6
15. exd5 cxd5 16. Nb5 Rb7 17. Nd4 Reb6 18. b3 c5 19. Nf5 g6 20. Rbd1 Nh5 21. Qh4
Qxh4 22. Nxh4 Nf4 23. Rfe1 Bg4 24. f3 Be6 25. g3 Nxd3 26. Rxd3 c4 27. Rd4 Ra6 0-1

[Event "TCh-CHN 2018"]
[Site "China CHN"]
[Date "2018.04.12"]
[Round "2.2"]
[Board "2"]
[White "Li, Di"]
[Black "Lu, Shanglei"]
[Result "1/2-1/2"]
[WhiteTitle "IM"]
[BlackTitle "GM"]
[WhiteElo "2487"]
[BlackElo "2636"]
[WhiteTeam "Chengdu Beilei Youth Chess Club"]
[BlackTeam "Zhejiang Chess Team"]
[WhiteFideId "8607508"]
[BlackFideId "8603332"]
[EventDate "2018.04.11"]

1. Nf3 Nf6 2. d4 e6 3. c4 d5 4. Nc3 dxc4 5. e4 Bb4 6. Bg5 c5 7. e5 cxd4 8. Nxd4
Qa5 9. exf6 Bxc3+ 10. bxc3 Qxg5 11. fxg7 Qxg7 12. Qd2 Bd7 13. Bxc4 Nc6 14. O-O
Rd8 15. Rae1 Ne5 16. Qe2 Nxc4 17. Qxc4 O-O 18. Re3 Kh8 19. Qc7 Bc8 20. Qf4 f5
21. Rfe1 Rf6 22. g3 Qf7 23. Nf3 b6 24. Ne5 Qg7 25. Nc6 Rdf8 26. Rd3 Qg4 27. Qc7
R6f7 28. Qe5+ Qg7 29. Qf4 Rc7 30. Nd4 Re7 31. Nc6 Rc7 32. Nd4 Re7 33. Rde3 Qf6
34. Re5 Rfe8 35. Nc6 Rf7 36. Nd4 Rfe7 37. h3 Kg7 38. Kh2 Kf7 39. Nc6 Rd7 40. Nd4
Rde7 41. Nb5 Rd8 42. Nd4 1/2-1/2

[Event "TCh-CHN 2018"]
[Site "China CHN"]
[Date "2018.04.12"]
[Round "2.2"]
[Board "3"]
[White "Xu, Xiangyu"]
[Black "Lan, Zilun"]
[Result "1-0"]
[WhiteTitle "GM"]
[WhiteElo "2565"]
[BlackElo "2333"]
[WhiteTeam "Chengdu Beilei Youth Chess Club"]
[BlackTeam "Zhejiang Chess Team"]
[WhiteFideId "8608288"]
[BlackFideId "8604193"]
[EventDate "2018.04.11"]

1. d4 Nf6 2. c4 e6 3. g3 Bb4+ 4. Nd2 d5 5. Bg2 O-O 6. Nf3 b6 7. O-O Bb7 8. a3
Be7 9. cxd5 exd5 10. b4 Nbd7 11. Bb2 c5 12. dxc5 bxc5 13. bxc5 Nxc5 14. Rc1 Nfe4
15. Nd4 Qb6 16. Nxe4 Nxe4 17. Rb1 Bf6 18. Ba1 Qa6 19. Qb3 Rab8 20. Rfd1 Qa5 21.
Bxe4 dxe4 22. Nc6 Bxc6 23. Qxb8 Bxa1 24. Qd6 Ba4 25. Rb8 1-0

[Event "TCh-CHN 2018"]
[Site "China CHN"]
[Date "2018.04.12"]
[Round "2.2"]
[Board "4"]
[White "Ding, Yixin"]
[Black "Ren, Xiaoyi"]
[Result "1/2-1/2"]
[WhiteTitle "WGM"]
[WhiteElo "2429"]
[BlackElo "2256"]
[WhiteTeam "Zhejiang Chess Team"]
[BlackTeam "Chengdu Beilei Youth Chess Club"]
[WhiteFideId "8602972"]
[BlackFideId "8608709"]
[EventDate "2018.04.11"]

1. e4 e5 2. Nf3 d6 3. Bc4 Be7 4. d4 exd4 5. Nxd4 Nf6 6. Nc3 O-O 7. O-O c6 8. a4
Nxe4 9. Nxe4 d5 10. Bd3 dxe4 11. Bxe4 Bf6 12. Be3 Nd7 13. c3 g6 14. Qc2 Qe7 15.
Rfe1 Re8 16. Bd2 Qf8 17. b4 Ne5 18. Qb3 Be6 19. Nxe6 Rxe6 20. f4 Ng4 21. Bf3
Rxe1+ 22. Rxe1 Rd8 23. Re2 h5 24. h3 Nh6 25. g4 hxg4 26. hxg4 Rd3 27. Kg2 Qc8
28. f5 Nxf5 29. gxf5 Qxf5 30. Re8+ Kg7 31. Be3 Be5 32. Qc2 Rxe3 33. Qxf5 gxf5
34. Re7 b6 35. Bxc6 f4 36. b5 Rg3+ 37. Kf1 Bxc3 38. Bd5 Rd3 39. Rxf7+ Kh6 40.
Bc6 Kg5 41. Rf8 Rd4 42. Ke2 Rxa4 43. Kf3 Bd2 44. Rf7 Ra3+ 45. Ke2 Be3 46. Bd7 a6
47. bxa6 Rxa6 48. Rf5+ Kg6 49. Rf8 Ra7 50. Bc6 Kg7 51. Rf5 Rc7 52. Be4 Rc8 53.
Kf3 Rb8 54. Bd3 Ra8 55. Bc4 Ra5 56. Rf7+ Kg6 57. Rf8 Rc5 58. Be6 b5 59. Rb8 Bd2
60. Rd8 Rc2 61. Kg4 Kf6 62. Bf5 Rb2 63. Re8 b4 64. Re6+ Kg7 65. Kf3 Be3 66. Ke4
Rd2 67. Rg6+ Kf7 68. Rc6 Ke7 69. Re6+ Kd8 70. Rc6 b3 71. Rc8+ Ke7 72. Rb8 b2 73.
Kf3 Kd6 74. Be4 Rf2+ 75. Kg4 Bc1 76. Rb5 Re2 77. Bb1 Rf2 78. Rf5 Be3 79. Bd3 Rd2
80. Be4 Rd4 81. Bc2 Kc6 82. Rf8 Kc5 83. Kf3 Kb4 84. Rc8 Rd2 85. Bb1 Rd1 86. Rb8+
Kc3 87. Rc8+ Bc5 88. Bh7 Rf1+ 89. Kg2 Rg1+ 90. Kf3 Kc4 91. Kxf4 b1=Q 92. Bxb1
Rxb1 93. Rd8 Bd4 94. Kf5 Rb5+ 95. Kf4 Kd3 96. Re8 Rb6 97. Kf5 Rf6+ 98. Kg5 Rf1
99. Kg4 Be3 100. Re6 Rf4+ 101. Kh5 Kd4 102. Re8 Rf1 103. Kg6 Rf3 104. Re7 Kd5
105. Rf7 Rg3+ 106. Kf5 Rg5+ 107. Kf6 Rh5 108. Kg6 Rg5+ 109. Kf6 Re5 110. Rb7 Ke4
111. Rb1 Ra5 112. Rb4+ Bd4+ 113. Kg6 Rd5 114. Rc4 Kf4 115. Rc1 Rd6+ 116. Kf7 Be5
117. Rg1 Kf5 118. Rf1+ Bf4 119. Ke7 Rc6 120. Rd1 Rh6 121. Kd7 Be5 122. Rf1+ Ke4
123. Rd1 Bd4 124. Re1+ Kd5 125. Re7 Ra6 126. Ke8 Bf6 127. Rd7+ Kc6 128. Rh7 Kd6
129. Kf7 Ke5 130. Rh5+ Kf4 131. Rh1 Be5 132. Rh4+ Kg5 133. Rh1 Bf4 134. Ke7 Kf5
135. Rh5+ Ke4 136. Rh4 Rg6 137. Kf7 Rc6 138. Ke7 Kf5 139. Rh5+ Kg6 140. Rh1 Be5
141. Rf1 1/2-1/2

[Event "TCh-CHN 2018"]
[Site "China CHN"]
[Date "2018.04.12"]
[Round "2.2"]
[Board "5"]
[White "Zhu, Jiner"]
[Black "Saduakassova, Dinara"]
[Result "1/2-1/2"]
[WhiteTitle "WIM"]
[BlackTitle "IM"]
[WhiteElo "2379"]
[BlackElo "2474"]
[WhiteTeam "Zhejiang Chess Team"]
[BlackTeam "Chengdu Beilei Youth Chess Club"]
[WhiteFideId "8608059"]
[BlackFideId "13700090"]
[EventDate "2018.04.11"]

1. e4 c5 2. Nf3 e6 3. d4 cxd4 4. Nxd4 Nc6 5. Nc3 a6 6. Be3 Nf6 7. a3 Qc7 8. Be2
d6 9. g4 h6 10. Qd2 Nxd4 11. Bxd4 e5 12. Be3 Bxg4 13. Bxg4 Nxg4 14. Nd5 Qc6 15.
O-O-O Rc8 16. Kb1 Be7 17. Rhg1 Nxe3 18. fxe3 g6 19. Qf2 Rh7 20. Rd3 Bd8 21. Rgd1
Qd7 22. Nf6+ Bxf6 23. Qxf6 Qe6 24. Qxe6+ fxe6 25. Rxd6 Re7 26. Rf1 Rc4 27. Rf6
g5 28. Rxh6 Rxe4 29. Rdxe6 Rxe3 30. Rxe7+ Kxe7 31. Rg6 Re1+ 32. Ka2 Re2 33. Rxg5
Kd6 34. Kb3 Rxh2 1/2-1/2

[Event "TCh-CHN 2018"]
[Site "China CHN"]
[Date "2018.04.12"]
[Round "2.3"]
[Board "1"]
[White "Zhao, Jun"]
[Black "Wang, Yue"]
[Result "1/2-1/2"]
[WhiteTitle "GM"]
[BlackTitle "GM"]
[WhiteElo "2607"]
[BlackElo "2683"]
[WhiteTeam "Shandong Jingzhi Team"]
[BlackTeam "Tianjin Team"]
[WhiteFideId "8602522"]
[BlackFideId "8601429"]
[EventDate "2018.04.11"]

1. d4 Nf6 2. c4 e6 3. Nf3 d5 4. g3 Be7 5. Bg2 O-O 6. O-O dxc4 7. Qc2 a6 8. a4
Bd7 9. Qxc4 Bc6 10. Bg5 Nbd7 11. Nc3 h6 12. Bxf6 Nxf6 13. Rfd1 Bd5 14. Qd3 Bxf3
15. Bxf3 c6 16. e3 a5 17. Rac1 Nd5 18. Ne4 Qb6 19. Qc2 Nb4 20. Qe2 Qa6 21. Nc5
Bxc5 22. Rxc5 Qxe2 23. Bxe2 Rfd8 24. Kg2 Rd5 25. Rdc1 Na2 26. R1c2 Nb4 27. Rc1
Na2 28. R1c2 Nb4 29. Rc1 Kf8 30. h4 Na2 31. R1c2 Nb4 32. Rc1 Na2 1/2-1/2

[Event "TCh-CHN 2018"]
[Site "China CHN"]
[Date "2018.04.12"]
[Round "2.3"]
[Board "3"]
[White "Bu, Xiangzhi"]
[Black "Li, Yankai"]
[Result "1/2-1/2"]
[WhiteTitle "GM"]
[WhiteElo "2726"]
[BlackElo "2427"]
[WhiteTeam "Shandong Jingzhi Team"]
[BlackTeam "Tianjin Team"]
[WhiteFideId "8601445"]
[BlackFideId "8609357"]
[EventDate "2018.04.11"]

1. Nf3 d5 2. d4 Nf6 3. c4 e6 4. Bg5 Be7 5. Nc3 h6 6. Bxf6 Bxf6 7. Qb3 dxc4 8.
Qxc4 O-O 9. g3 Nd7 10. Bg2 a6 11. Ne4 b5 12. Qc2 Bb7 13. O-O Bxe4 14. Qxe4 c5
15. Rfd1 Rc8 16. Qb7 Qb6 17. Qxd7 Rfd8 18. Ne5 Rxd7 19. Nxd7 Qa5 20. dxc5 Bxb2
21. Rab1 Qxa2 22. Bb7 Rc7 23. c6 a5 24. Nc5 Qc4 25. Na6 Rxc6 26. Bxc6 Qxc6 27.
Nb4 Qc3 28. Nd3 Ba3 29. Rxb5 a4 30. Rb8+ Kh7 31. Rb7 Bd6 1/2-1/2